000 00741nam a2200253Ia 4500
003 OSt
005 20220925223020.0
006 a|||||r|||| 00| 0
007 ta
008 220923b |||||||| |||| 00| 0 eng d
020 _a0415062586
037 _cGeneral Book
040 _aRTL
_cRTL
_beng
041 _2eng
_aeng
082 _aX.46.N9, N1
100 _aSayigh Yusif A
_9140340
245 0 _aElusive development
_b From dependence to self-reliance in the Arab region
260 _aLondon
_bRoutledge
_c1991
300 _axvi,270p.
_ccm.
500 _aBibliography: P 247-62
650 _aEconomic Condition Middle East
942 _hX.46.N9, N1
_cGB
_2CC
999 _c578370
_d578370